Art škôlka

Gespeichert in:
Bibliographische Detailangaben
1. Verfasser: Mrvišová, Barbora (Verfasst von)
Weitere Verfasser: Baláž, Jozef (Betreuung Doktorarbeit)
Format: Manuskript Buch
Sprache:Slowakisch
Veröffentlicht: Bratislava 2017
Schlagworte:
Online-Zugang:http://is.stuba.sk/zp/portal_zp.pl?podrobnosti=111656
Tags: Tag hinzufügen
Keine Tags, Fügen Sie das erste Tag hinzu!

MARC

LEADER 00000ntm a22000003a 4500
001 stuzp63814
003 SK-STU
005 20210201084117.6
007 ta
008 150427s2015----xo-----f-mn---000-0-slo-d
040 |a STU  |b slo 
041 0 |a slo 
100 1 |a Mrvišová, Barbora  |u 054140  |4 aut  |U FAD Fakulta architektúry  |T FA Ústav konštrukcií v architektúre a inžinierskych stavieb  |X 74893  |U A4140  |Y 395  |7 74893 
242 0 1 |a Art škôlka  |y eng 
245 1 0 |a Art škôlka 
260 |c 2017  |a Bratislava 
650 4 |a Deti  |2 slo 
650 4 |a Aktivita  |2 slo 
650 4 |a Umenie  |2 slo 
650 4 |a Children  |2 eng 
650 4 |a Activity  |2 eng 
650 4 |a Art  |2 eng 
700 1 |a Baláž, Jozef  |u 054140  |k Z1  |4 ths  |U FAD Fakulta architektúry  |T FA Ústav konštrukcií v architektúre a inžinierskych stavieb  |X 4847  |U A4140  |Y 395  |7 A000004847 
856 4 |u http://is.stuba.sk/zp/portal_zp.pl?podrobnosti=111656  |u https://opac.crzp.sk/?fn=detailBiblioForm&sid=85D30AFD358849054394BF4E20A9